| 000 | 01348nam a22002777a 4500 | ||
|---|---|---|---|
| 001 | 7141 | ||
| 003 | FISKH | ||
| 005 | 20250626090010.0 | ||
| 008 | 250625b cb ||||| |||| 00| 0 eng d | ||
| 020 | _a9788956355221 | ||
| 040 |
_aFISKH _beng _cFISKH _dFISKh |
||
| 050 | _aPZ7 | ||
| 082 | _a800 | ||
| 100 | _aSormark, Julie | ||
| 245 |
_aKing thrushbeard / _cRetold by Julie Sormark : through the art style of Marie Laurencin |
||
| 260 |
_aSeoul : _be-future , _c2010. |
||
| 300 |
_a35 pages : _bcolor illustrations ; _c23 cm. |
||
| 490 | _aArt classic stories | ||
| 505 | _aJ | ||
| 520 | _a"King Thrushbeard" is a German fairy tale by the Brothers Grimm about a proud and arrogant princess who mocks all her suitors, including a king with a pointed chin whom she nicknames "King Thrushbeard". Her father, angered by her behavior, vows to marry her to the first beggar who comes to the palace gates. The princess is then forced to marry a traveling musician who is, in reality, King Thrushbeard in disguise. She experiences hardship and humility as a kitchen maid, eventually learning to value hard work and kindness before being revealed as King Thrushbeard's true wife. | ||
| 521 | 8 |
_a500
_bLexile estimate |
|
| 521 | 8 |
_aJ
_bRAz-Plus |
|
| 700 |
_aCho, Hyeonji _eIllustrator |
||
| 942 |
_2ddc _cBK _n0 |
||
| 999 |
_c7141 _d7141 |
||